000 00496nam a2200181Ia 4500
005 20250508154456.0
008 008 250505s9999 xx 000 0 eng d
037 _aTextual
040 _aFEDL
_beng
_cFEDL
041 _aeng
_2eng
084 _a311, ROY
_qFEDL
100 _aRoy S. N.
245 0 _aSome aspects of multivariate analysis
260 _aBombay, India
_bAsia Publishing House
_c1958
300 _aviii,214p
942 _cTEXL
_h311, ROY
999 _c1350478
_d1350478